01489cas a22002414a 450000500170000000800390001702200130005604000240006904100230009309000070011624500890012326000970021230000220030952004570033165000520078865000560084065000510089665000460094771000590099394200150105299900170106795201630108420151104140603.0071025s1996 ne q n s i000 0 spa a09208771 aDLCcDLCdCO-BoIAVH0 aengafreaporaspa aSE00aLEISA:bboletín de ILEIA para la agricultura sostenible de bajos insumos externos. aAmersfoort (Holanda) :bInformationcentre for Low External Input Agriculture (ILEIA),c2006. bcol. ;c4 3/4 in.0 aIncluye cerca de 3.000 artículos en cinco idiomas diferentes se centraron en: la agricultura a pequeña escala viable y maneras de encontrar opciones técnicas y sociales abiertas a los agricultores que buscan mejorar la productividad y los ingresos de una manera ecológicamente racional. También incluye el uso óptimo de los recursos locales y los procesos naturales, y, de ser necesario, utilice, seguro y eficiente de los insumos externos. 6aAgricultura sosteniblezPaíses en desarrollo. 6aBiotecnología agrícolazPaíses en desarrollo. 6aEcología AgrícolazPaíses en desarrollo. 6aDesarrollo RuralzPaíses en desarrollo.2 aInformation centre for Low External Input Agriculture. 2zcREVISTA c16970d16970 001040708HEMEROTECAA2001B17C4aVillabVillad2002-03-19eDesconocidol0oSERIADAS 01262p009919r2015-03-25 00:00:00t1w2015-03-25xDonaciónyREVISTA